JOY OF THE STAR WATCHING (Record no. 193496)

MARC details
000 -LEADER
fixed length control field 00382nam a22001457a 4500
008 - FIXED-LENGTH DATA ELEMENTS--GENERAL INFORMATION
fixed length control field 221101b ||||| |||| 00| 0 eng d
082 ## - DEWEY DECIMAL CLASSIFICATION NUMBER
Classification number 520-BAS
100 ## - MAIN ENTRY--PERSONAL NAME
Personal name BASU,VIMANT
245 ## - TITLE STATEMENT
Title JOY OF THE STAR WATCHING
Medium ENGLISH
260 ## - PUBLICATION, DISTRIBUTION, ETC. (IMPRINT)
Place of publication, distribution, etc NEW DELHI
Name of publisher, distributor, etc A.I.C.B
Date of publication, distribution, etc ROHINI
270 ## - ADDRESS
Address A.I.C.B,ROHINI NEW DELHI
300 ## - PHYSICAL DESCRIPTION
Extent .
Other physical details .
Dimensions 12X13
490 ## - SERIES STATEMENT
Volume number/sequential designation 1-2
942 ## - ADDED ENTRY ELEMENTS (KOHA)
Source of classification or shelving scheme Dewey Decimal Classification
Item type Braille-Books-English
Call number prefix 520
Call number suffix BAS
Holdings
Withdrawn status Lost status Not for loan Home library Current library Date acquired Source of acquisition Cost, normal purchase price Full call number Barcode Koha item type
      Braille-Library Braille-Library 01/11/2022 Braille library 5.00 520-BAS BR-003533 Braille-Books-English
      Braille-Library Braille-Library 01/11/2022 Braille library 5.00 520-BAS BR-003534 Braille-Books-English

© Delhi Public Library
Hit Counter
free hit counter